[Event "1st Open"]
[Site "Paleochora GRE"]
[Date "2008.07.26"]
[Round "7"]
[White "Kryvoruchko,Y"]
[Black "Rakhmanov,Ale"]
[Result "1/2-1/2"]
[WhiteElo "2628"]
[BlackElo "2489"]

1.e4 e6 2.d4 d5 3.Nd2 Be7 4.Bd3 c5 5.dxc5 Nf6 6.Qe2 Nc6 7.Ngf3 Nb4 8.Nb3 Nxd3+
9.cxd3 a5 10.Bg5 h6 11.Bxf6 Bxf6 12.O-O O-O 13.e5 Be7 14.a4 Bd7 15.Qd2 b6
16.d4 Qe8 17.cxb6 Bb4 18.Qe3 Bxa4 19.Nc5 Bb5 20.Rfc1 Rb8 21.b7 a4 22.Rc2 Qc6
23.Rac1 Bxc5 24.dxc5 Bc4 25.Nd2 Ba6 26.Nf3 Bc4 27.Qa3 Qxb7 28.Nd2 Bb5 29.c6 Qc7
30.Rc5 Rfc8 31.Qb4 Qb6 32.c7  1/2-1/2

[Event "95th ch-GBR"]
[Site "Liverpool ENG"]
[Date "2008.07.28"]
[Round "1"]
[White "Haslinger,S"]
[Black "Rendle,T"]
[Result "0-1"]
[WhiteElo "2511"]
[BlackElo "2363"]

1.e4 e6 2.d4 d5 3.Nd2 Nc6 4.Ngf3 Nf6 5.e5 Nd7 6.Be2 Be7 7.Nf1 O-O 8.Ne3 f6
9.exf6 Nxf6 10.O-O Bd6 11.c4 b6 12.a3 Ne7 13.b4 dxc4 14.Nxc4 Ned5 15.Qb3 Bf4
16.Nce5 Qe8 17.g3 Bxe5 18.Nxe5 Bb7 19.Bf3 Nd7 20.Bg2 Nxe5 21.dxe5 Rd8 22.a4 Qh5
23.Bb2 Ba8 24.Rac1 Qg6 25.Kh1 Rf7 26.b5 h5 27.Qc4 Rdf8 28.Qd4 h4 29.Qxh4 Rxf2
30.Rxf2 Rxf2 31.Be4 Qh6 32.Qxh6 gxh6 33.Bd4 Rd2 34.Rc4 Rd1+ 35.Kg2 Nf4+ 36.gxf4 Bxe4+
37.Kf2 Bd5 38.Ke2 Bxc4+ 39.Kxd1 Bb3+ 40.Kd2 Bxa4 41.Kc3 Bxb5 42.Bf2 Kf7 43.Bh4 Ke8
44.f5 exf5 45.e6 f4 46.Kd4 f3 47.Ke3 Bc4 48.Bg3 Bxe6 49.Bxc7 Bd5 50.Bb8 a6
51.Ba7 b5 52.Kd3 Kd7 53.Bc5 Kc6 54.Be7 Bc4+ 55.Ke3 Be2 56.h4 h5 57.Kd2 Kd5
58.Bd8 Kc4 59.Bb6 b4  0-1

[Event "95th ch-GBR"]
[Site "Liverpool ENG"]
[Date "2008.07.29"]
[Round "2"]
[White "Hanley,Ja"]
[Black "Pert,N"]
[Result "0-1"]
[WhiteElo "2243"]
[BlackElo "2547"]

1.e4 e6 2.d4 d5 3.Nd2 Be7 4.Ngf3 Nf6 5.e5 Nfd7 6.Bd3 c5 7.c3 Nc6 8.O-O a5
9.Re1 cxd4 10.cxd4 g5 11.Nb1 g4 12.Nfd2 h5 13.Nc3 Nxd4 14.Nf1 Nc5 15.Bb1 Nc6
16.Bf4 Qb6 17.Qe2 Bd7 18.Ne3 Qa6 19.Nb5 O-O-O 20.Rc1 Nb4 21.Nd6+ Bxd6 22.Qxa6 Nxa6
23.exd6 f6 24.Nd1 b6 25.Bd3 Kb7 26.Bxa6+ Nxa6 27.a3 a4 28.b4 axb3 29.Rab1 e5
30.Bd2 d4 31.Rxb3 Ba4 32.Rbb1 Bxd1 33.Rxd1 Rxd6  0-1

[Event "34th Open"]
[Site "Sitges ESP"]
[Date "2008.07.29"]
[Round "8"]
[White "Gallego Alcaraz,A"]
[Black "Moskalenko,V"]
[Result "1-0"]
[WhiteElo "2400"]
[BlackElo "2569"]

1.e4 e6 2.d4 d5 3.Nd2 Be7 4.Bd3 c5 5.dxc5 Nf6 6.Qe2 Nc6 7.Ngf3 Nb4 8.Nb3 a5
9.a4 Nxd3+ 10.cxd3 b6 11.e5 Nd7 12.c6 Nc5 13.Nbd4 Ba6 14.Nb5 Nb3 15.Rb1 Bb4+
16.Kf1 O-O 17.d4 f6 18.Qd3 Bxb5 19.axb5 a4 20.Be3 Qe8 21.g3 Qg6 22.Qxg6 hxg6
23.h4 Ra5 24.h5 gxh5 25.Rxh5 Be7 26.Kg2 Kf7 27.Rbh1 Raa8 28.exf6 Bxf6 29.g4 g6
30.Rh7+ Kg8 31.Ne5  1-0

[Event "IMA Jihlavanka Cup"]
[Site "Olomouc CZE"]
[Date "2008.07.30"]
[Round "1"]
[White "Krupa,M"]
[Black "Johansson,Ja SWE"]
[Result "0-1"]
[WhiteElo "2272"]
[BlackElo "2450"]

1.e4 e6 2.d4 d5 3.Nd2 Nc6 4.Bb5 a6 5.Bxc6+ bxc6 6.Nb3 dxe4 7.Qe2 Qd5 8.c4 Qf5
9.Bd2 Nf6 10.Nh3 a5 11.O-O a4 12.Nc5 Bxc5 13.dxc5 O-O 14.Be3 e5 15.f4 Rb8
16.Rad1 Ng4 17.Rd2 Be6 18.Rc2 h6 19.Kh1 Nxe3 20.Qxe3 Rfd8  0-1

[Event "41st Festival MTO"]
[Site "Biel SUI"]
[Date "2008.08.01"]
[Round "11"]
[White "Lehmann,Mar"]
[Black "Berczes,D"]
[Result "0-1"]
[WhiteElo "2307"]
[BlackElo "2458"]

1.e4 e6 2.d4 d5 3.Nd2 Be7 4.Bd3 c5 5.dxc5 Nf6 6.Qe2 Nc6 7.Ngf3 a5 8.O-O O-O
9.a3 Nd7 10.exd5 exd5 11.Nb3 a4 12.Nbd4 Nxc5 13.Be3 Re8 14.Bb5 Bd7 15.Rad1 Bf6
16.c4 Bxd4 17.Bxc6 bxc6 18.Rxd4 Nb3 19.Rh4 Bf5 20.cxd5 cxd5 21.Qb5 Be4 22.Rg4 Qf6
23.Rg3 d4 24.Bg5 Qa6 25.Qd7 Qe6 26.Qc7 h6 27.Bf4 Rac8 28.Qe5 Qxe5 29.Nxe5 Re6
30.Re1 Bf5 31.Rd1 Rce8 32.Nf3 Bc2 33.Rf1 Bd3 34.Rd1 Be2 35.Rb1 Bxf3 36.gxf3 Re1+
37.Rxe1 Rxe1+ 38.Kg2 g5 39.h4 f6 40.Bd6 d3 41.Bb4 d2 42.Bxd2 Nxd2 43.Rg4 Rb1
44.hxg5 hxg5 45.Rd4 Rxb2 46.f4 gxf4 47.Rxf4 Kf7 48.Rxa4 Ra2 49.Rb4 Kg6 50.Kg3 Rxa3+
51.Kg2 f5 52.Rd4 Ne4 53.f3 Ra2+ 54.Kh3 Nd2 55.Kg3 Kg5 56.f4+ Kh5 57.Rd5 Ne4+  0-1

[Event "17th Open"]
[Site "Martigny SUI"]
[Date "2008.08.02"]
[Round "3"]
[White "Filipovic,Br"]
[Black "Nueesch,G"]
[Result "0-1"]
[WhiteElo "2428"]
[BlackElo "2259"]

1.e4 e6 2.d4 d5 3.Nd2 a6 4.Ngf3 c5 5.dxc5 dxe4 6.Nxe4 Qxd1+ 7.Kxd1 Nf6 8.Nxf6+ gxf6
9.Be3 Bd7 10.b4 Nc6 11.c3 a5 12.b5 Ne7 13.Bd3 Nd5 14.Bd4 e5 15.Be4 Be6 16.c4 O-O-O
17.cxd5 Bxd5 18.Bxd5 Rxd5 19.Rc1 exd4 20.Re1 Bxc5 21.Re7 Rf8 22.a4 Kb8 23.Re4 Rg8
24.g3 d3 25.Kd2 f5 26.Rec4 Bb4+ 27.Kd1 Re8 28.Rb1 Re2 29.Rbxb4 axb4 30.Rxb4 Rxf2
31.Nd4 Rxh2 32.a5 Ra2 33.a6 f4  0-1

[Event "Arctic Chess Challenge"]
[Site "Tromso NOR"]
[Date "2008.08.02"]
[Round "1"]
[White "Carlsen,E"]
[Black "Sowray,P"]
[Result "1/2-1/2"]
[WhiteElo "1874"]
[BlackElo "2327"]

1.e4 e6 2.d4 d5 3.Nd2 Be7 4.Ngf3 Nf6 5.e5 Nfd7 6.Bd3 c5 7.c3 b6 8.b3 Ba6
9.Bxa6 Nxa6 10.Qe2 Nc7 11.Bb2 O-O 12.Rc1 b5 13.O-O a5 14.c4 bxc4 15.bxc4 dxc4
16.Nxc4 Nd5 17.Nd6 Bxd6 18.exd6 Rc8 19.Rfd1 Qb6 20.dxc5 Rxc5 21.Bd4 Qb5 22.Qd2 Rxc1
23.Rxc1 f6 24.g3 Qb4 25.Bc3 Qg4 26.Nd4 Rc8 27.f3 Qh5 28.Bxa5 Rxc1+ 29.Qxc1 Qe5
30.Qc8+ Nf8 31.Nxe6 Qe3+ 32.Kg2 Qe2+ 33.Kg1 Qe3+ 34.Kg2 Qe2+ 35.Kg1 Qe3+  1/2-1/2

[Event "XXXIV Open"]
[Site "Badalona ESP"]
[Date "2008.08.03"]
[Round "3"]
[White "Alonso Moyano,J"]
[Black "Ferreira,H"]
[Result "1-0"]
[WhiteElo "2372"]
[BlackElo "2151"]

1.e4 e6 2.d4 d5 3.Nd2 Nc6 4.Ngf3 Nf6 5.e5 Nd7 6.Nb3 a5 7.a4 b6 8.c3 Ba6 9.Bxa6 Rxa6
10.O-O Be7 11.Bf4 O-O 12.Re1 Ncb8 13.Nc1 c5 14.Re3 Nc6 15.Ne2 Qb8 16.h4 b5
17.axb5 Qxb5 18.Rb1 Rb8 19.dxc5 Nxc5 20.Ned4 Nxd4 21.cxd4 Nb3 22.Ng5 a4 23.Rg3 Bxg5
24.Bxg5 Kf8 25.Qh5 h6 26.Bxh6 gxh6 27.Qxh6+ Ke8 28.Qf6 Raa8 29.Rg8+ Kd7 30.Qxf7+ Kc6
31.Qxe6+ Kb7 32.Rg7+  1-0

[Event "US Open"]
[Site "Dallas USA"]
[Date "2008.08.03"]
[Round "2"]
[White "Trammell,G"]
[Black "Bradford,J"]
[Result "0-1"]
[WhiteElo "2034"]
[BlackElo "2418"]

1.e4 e6 2.d4 d5 3.Nd2 Be7 4.Bd3 c5 5.c3 cxd4 6.cxd4 Nc6 7.Ngf3 Nf6 8.O-O Qb6
9.e5 Nd7 10.Nb3 a5 11.a4 Ndb8 12.Bg5 Qd8 13.h4 Nb4 14.Rc1 N8c6 15.Bb1 h6
16.Bd2 b6 17.g3 Ba6 18.Re1 Qd7 19.Re3 O-O-O 20.Ne1 Kb8 21.Bc3 f5 22.exf6 gxf6
23.Nd3 Rhe8 24.Nd2 e5 25.dxe5 d4 26.e6 Qb7 27.Nxb4 axb4 28.Bxd4 Nxd4 29.Qh5 Qd5
30.Qxh6 Ne2+ 31.Rxe2 Bxe2 32.Qe3 Bc5 33.Rxc5 Qxc5 34.Qxe2 Qc1+ 35.Kg2 Qxd2  0-1

[Event "WCh-Junior Girls"]
[Site "Gaziantep TUR"]
[Date "2008.08.04"]
[Round "2"]
[White "Gasik,An"]
[Black "Abrahamyan,T"]
[Result "0-1"]
[WhiteElo "2211"]
[BlackElo "2277"]

1.e4 e6 2.d4 d5 3.Nd2 Be7 4.Bd3 c5 5.dxc5 Nf6 6.Qe2 O-O 7.Ngf3 a5 8.O-O Na6
9.e5 Nd7 10.Nb3 a4 11.Nbd4 Ndxc5 12.Bf4 a3 13.b3 Nxd3 14.cxd3 Nb4 15.Rfc1 b6
16.Bd2 Qd7 17.Bxb4 Bxb4 18.Nc6 Bc5 19.b4 Qxc6 20.d4 Ba6 21.Qe3 Bxd4 22.Rxc6 Bxe3
23.fxe3 Bc4 24.Nd2 b5 25.Nxc4 dxc4 26.Rc5 Rab8 27.Rd1 Rfc8 28.Rxc8+ Rxc8
29.Kf2 Kf8 30.Ke2 Ra8 31.Rc1 Ke7 32.e4 f6 33.exf6+ Kxf6 34.Ke3 Ke5 35.Rd1 c3
36.Rc1 Rc8 37.Kd3 c2  0-1

[Event "95th ch-GBR"]
[Site "Liverpool ENG"]
[Date "2008.08.06"]
[Round "9"]
[White "Quillan,G"]
[Black "Rendle,T"]
[Result "0-1"]
[WhiteElo "2339"]
[BlackElo "2363"]

1.e4 e6 2.d4 d5 3.Nd2 Nc6 4.Ngf3 Nf6 5.e5 Nd7 6.Bd3 f6 7.Ng5 Ndxe5 8.dxe5 fxg5
9.Qh5+ g6 10.Bxg6+ Kd7 11.f4 gxf4 12.Bd3 Nb4 13.O-O Nxd3 14.cxd3 Qe8 15.Qh3 Be7
16.Nb3 Qg6 17.Rxf4 Rg8 18.Bd2 b6 19.Raf1 Ba6 20.R1f3 c5 21.Rg3 Qe8 22.d4 Rxg3
23.Qxg3 Qg6 24.Qxg6 hxg6 25.h4 Rf8 26.Rxf8 Bxf8 27.Be3 Kc6 28.Kf2 Be7 29.g3 Bd3
30.Nc1 Bb1 31.Kf3 c4 32.Bh6 Kd7 33.Kf4 Bb4 34.Kf3 c3 35.bxc3 Bxc3 36.Be3 Bb2
37.g4 Bxc1 38.Bxc1 Bxa2 39.h5 gxh5 40.gxh5 Bb1 41.Kf4 Kc6 42.Kg5 Kb5 43.Kf6 Bf5
44.h6 Kc4 45.Bb2 a5 46.Kg7 b5 47.h7 Bxh7 48.Kxh7 b4 49.Kg6 a4 50.Kf6 a3 51.Bc1 Kc3  0-1

[Event "XVII TCh-MKD"]
[Site "Struga MKD"]
[Date "2008.08.06"]
[Round "3"]
[White "Simovski,G"]
[Black "Jacimovic,D"]
[Result "1/2-1/2"]
[WhiteElo "2244"]
[BlackElo "2417"]

1.e4 e6 2.d4 d5 3.Nd2 Nc6 4.c3 e5 5.dxe5 dxe4 6.Nxe4 Qxd1+ 7.Kxd1 Bf5 8.Ng3 O-O-O+
9.Ke1 Bg6 10.Nf3 f6 11.Be3 Nxe5 12.Nxe5 fxe5 13.Bc4 Nf6  1/2-1/2

[Event "95th ch-GBR"]
[Site "Liverpool ENG"]
[Date "2008.08.08"]
[Round "11"]
[White "Quillan,G"]
[Black "Gavriel,T"]
[Result "1-0"]
[WhiteElo "2339"]
[BlackElo "2180"]

1.e4 e6 2.d4 d5 3.Nd2 Nc6 4.Ngf3 Nf6 5.e5 Nd7 6.Nb3 a5 7.a4 b6 8.Bb5 Ncb8
9.O-O c6 10.Bd3 Ba6 11.Ng5 Bxd3 12.Qxd3 Be7 13.Qg3 Nf8 14.Nh3 Rg8 15.Bd2 c5
16.dxc5 bxc5 17.Rac1 Qb6 18.c4 d4 19.Bg5 f6 20.Bxf6 gxf6 21.Qxg8 Qxb3 22.exf6 Bxf6
23.Nf4 Nd7 24.Nxe6 Ke7 25.Rfe1 Kd6 26.Nxc5 Qb8 27.Nxd7 Kxd7 28.Qf7+ Kc6 29.Qxf6+ Qd6
30.Qf3+  1-0

[Event "Acropolis Open"]
[Site "Athens GRE"]
[Date "2008.08.09"]
[Round "1"]
[White "Stefanidi,M1"]
[Black "Rudolf,An"]
[Result "1-0"]
[WhiteElo "2095"]
[BlackElo "2337"]

1.e4 e6 2.d4 d5 3.Nd2 Be7 4.g3 dxe4 5.Nxe4 Bd7 6.Bg2 Bc6 7.Bf3 Nf6 8.Nxf6+ Bxf6
9.c3 O-O 10.Be3 Qd7 11.Bxc6 Nxc6 12.Nf3 Rad8 13.O-O Qd5 14.Qe2 a6 15.Rfe1 Rd7
16.Bf4 Rfd8 17.Ne5 Bxe5 18.Bxe5 f6 19.Bf4 Kf7 20.h4 Ne7 21.Qe4 h6 22.Re2 Qxe4
23.Rxe4 g5 24.hxg5 hxg5 25.Bc1 Nf5 26.Re1 Nd6 27.Be3 Rg8 28.Kg2 f5 29.Rad1 c6
30.Kf3 Kg6 31.Bc1 Kf6 32.Rh1 Ne4 33.Rh6+ Rg6 34.Rdh1 Rf7 35.Rh8 Nd6 36.Rd8 Ke7
37.Rhh8 Ne4 38.c4 Rgg7 39.b3 Rh7 40.Rhe8+ Kf6 41.Bb2 Re7 42.d5+ Kf7 43.Rf8+ Kg6
44.Rg8+ Kh5 45.g4+ Kh6 46.dxe6 Rxe6 47.gxf5 Ree7 48.Rg6+ Kh5 49.Rd1 g4+ 50.Kg2 Ng5
51.Bf6 Nh3 52.Bxe7 Rxe7 53.Rh1 Kh4 54.f6 Re2 55.Rxh3+ gxh3+ 56.Kf3 Re8 57.Kf4 Kh5
58.Rg3 h2 59.Rh3+ Kg6 60.Rxh2 Re6 61.f7 Rf6+ 62.Ke5 Rf5+ 63.Kd6 Rxf7 64.Rg2+ Kf5
65.Rg3 Ke4 66.Re3+ Kd4 67.Re7 Rxf2 68.Rxb7 c5 69.a4 Rf6+ 70.Kc7 a5 71.Rb6 Rf7+
72.Kc6 Rh7 73.Kb5 Ra7 74.Rb8 Ke5 75.Kxc5  1-0

[Event "Open"]
[Site "Stare Mesto CZE"]
[Date "2008.08.09"]
[Round "2"]
[White "Kriebel,T"]
[Black "Janko,Micha"]
[Result "0-1"]
[WhiteElo "1973"]
[BlackElo "2155"]

1.e4 e6 2.d4 d5 3.Nd2 Be7 4.Ngf3 Nf6 5.e5 Nfd7 6.Bd3 c5 7.c3 Nc6 8.O-O a5
9.Bc2 cxd4 10.cxd4 Nb4 11.Bb1 Nb6 12.a3 Nc6 13.Bd3 Bd7 14.Qe2 O-O 15.Nb3 a4
16.Nc5 Nxd4 17.Nxd4 Bxc5 18.Nf3 Be7 19.Be3 Rc8 20.h4 h6 21.g3 Nc4 22.Bf4 f5
23.Kg2 Be8 24.Rh1 Bh5 25.Rac1 b5 26.Bxc4 Rxc4 27.Qd3 Qe8 28.Nd4 Qd7 29.Rxc4 dxc4
30.Qd2 Rd8 31.Be3 Bc5 32.f3 Bxd4 33.Rd1 Qc6 34.g4 fxg4  0-1

[Event "Acropolis Open"]
[Site "Athens GRE"]
[Date "2008.08.13"]
[Round "5"]
[White "Parligras,M"]
[Black "Rakhmanov,Ale"]
[Result "1-0"]
[WhiteElo "2588"]
[BlackElo "2489"]

1.e4 e6 2.d4 d5 3.Nd2 Be7 4.Ngf3 Nf6 5.e5 Nfd7 6.Bd3 c5 7.c3 b6 8.h4 Ba6
9.Bxa6 Nxa6 10.h5 b5 11.h6 g6 12.Nf1 b4 13.Ne3 O-O 14.O-O Nb6 15.Ng4 Rc8
16.Bf4 bxc3 17.bxc3 cxd4 18.cxd4 Nb4 19.Qb3 Nc4 20.Rfc1 Kh8 21.Rab1 a5 22.Rc3 Rc7
23.a3 Nc6 24.Qa4 Qa8 25.Rbc1 Qa7 26.Rxc4 dxc4 27.Rxc4 Nb8 28.Bg5 Bxg5 29.Nxg5 Rxc4
30.Qxc4 Nd7 31.d5 Qc5 32.Qxc5 Nxc5 33.d6 Nd7 34.f4 Kg8 35.Ne4 Rb8 36.Ngf6+ Nxf6
37.Nxf6+ Kh8 38.g4 Rb3 39.d7 Rd3 40.Kf2 a4 41.Ke1 Rd4 42.Ke2 g5 43.f5  1-0

[Event "Independence Cup A"]
[Site "Kyiv UKR"]
[Date "2008.08.13"]
[Round "10"]
[White "Franchuk,S"]
[Black "Shmat,S"]
[Result "1/2-1/2"]
[WhiteElo "2043"]
[BlackElo "2093"]

1.e4 e6 2.d4 d5 3.Nd2 Nc6 4.Ngf3 Nf6 5.e5 Nd7 6.c3 f6 7.exf6 Qxf6 8.Bd3 Bd6
9.Qe2 O-O 10.O-O e5 11.dxe5 Ndxe5 12.Nxe5 Nxe5 13.Bc2 b6 14.Bb3 Bb7 15.Ne4 Qg6
16.f4 Nd7 17.Nxd6 Qxd6 18.Bd2 Nc5 19.Rfe1 a5 20.Qe7 Qxe7 21.Rxe7 Nxb3 22.axb3 Rf7
23.Rae1 Raf8  1/2-1/2

[Event "VII Open"]
[Site "Ortigueira ESP"]
[Date "2008.08.13"]
[Round "4"]
[White "Carraminana Lopez,L"]
[Black "Alcaide Luque,A"]
[Result "1/2-1/2"]
[WhiteElo "2031"]
[BlackElo "2149"]

1.e4 e6 2.d4 d5 3.Nd2 Nc6 4.Ngf3 Nf6 5.e5 Nd7 6.Bd3 Nb4 7.Be2 c5 8.c3 Nc6
9.Bd3 f6 10.exf6 Qxf6 11.O-O Bd6 12.Re1 cxd4 13.cxd4 O-O 14.Bxh7+ Kxh7 15.Rxe6 Qf5
16.Rxd6 Nxd4 17.Nxd4 Qxf2+ 18.Kh1 Qxd4 19.Qh5+ Kg8 20.Qxd5+ Qxd5 21.Rxd5 Nb6
22.Rd4 Bd7 23.Nf3 Bc6 24.Rf4 Rxf4 25.Bxf4 Bxf3 26.gxf3 Rf8 27.Be5  1/2-1/2

[Event "Open"]
[Site "Panevezys LTU"]
[Date "2008.08.15"]
[Round "5"]
[White "Laurusaite,B"]
[Black "Limontas,M"]
[Result "1/2-1/2"]
[WhiteElo "2039"]
[BlackElo "2275"]

1.e4 e6 2.d4 d5 3.Nd2 Nc6 4.Ngf3 Nf6 5.e5 Nd7 6.Be2 f6 7.exf6 Qxf6 8.Nf1 Bd6
9.Bg5 Qf7 10.Ne3 Nb6 11.c3 e5 12.dxe5 Nxe5 13.Nxe5 Bxe5 14.Bh4 O-O 15.O-O Be6
16.Bh5 Qd7 17.Bg3 Bxg3 18.hxg3 Rad8 19.Qe2 c5 20.Rfe1 d4 21.cxd4 cxd4 22.Nf1 Bc4
23.Qe7 Qf5 24.Bf3 Rd7 25.Qe4 Bd3 26.Qxf5 Bxf5 27.b3 Rc8 28.Rac1 Kf7 29.Rxc8 Nxc8
30.Re5 Ne7 31.Nd2 Rc7 32.g4 Bd3 33.Bd5+ Nxd5 34.Rxd5 Rc1+ 35.Kh2 Rc2 36.Nf3 Bg6
37.Rxd4 Rxf2 38.Ne5+ Kf6 39.Nxg6 Kxg6 40.Rd6+ Rf6 41.Rd7 Rb6 42.Kg3 h6 43.Kf3 Kf6
44.Kf4 a6 45.Kf3 g6 46.Kf4 Rb4+ 47.Kf3 Rb6 48.Kf4 g5+ 49.Ke4 Ke6 50.Rh7 Rb4+
51.Ke3 Rxg4 52.Rxh6+ Kf5 53.Kf3 Rf4+ 54.Kg3 Rb4 55.Kf3 Rf4+  1/2-1/2

[Event "Acropolis Open"]
[Site "Athens GRE"]
[Date "2008.08.16"]
[Round "8"]
[White "Dembo,Y"]
[Black "Rakhmanov,Ale"]
[Result "1/2-1/2"]
[WhiteElo "2431"]
[BlackElo "2489"]

1.e4 e6 2.d4 d5 3.Nd2 Be7 4.e5 b6 5.c3 Qd7 6.Ngf3 Nh6 7.Bd3 Ba6 8.Bxa6 Nxa6
9.Qe2 Nb8 10.Nf1 Ng8 11.h4 h5 12.Ng3 Nc6 13.Bf4 g6 14.O-O Nh6 15.b3 Nf5 16.Nxf5 exf5
17.Bg5 Nd8 18.Bxe7  1/2-1/2

[Event "5th DA Tan Malaysian Open"]
[Site "Kuala Lumpur MAS"]
[Date "2008.08.18"]
[Round "2"]
[White "Gu Xiaobing"]
[Black "Sadorra,J"]
[Result "0-1"]
[WhiteElo "2286"]
[BlackElo "2470"]

1.e4 e6 2.d4 d5 3.Nd2 Be7 4.Ngf3 Nf6 5.e5 Nfd7 6.Bd3 c5 7.c3 Nc6 8.O-O a5
9.Re1 g5 10.dxc5 g4 11.Nd4 Ncxe5 12.Bb5 Qc7 13.b4 Rg8 14.Qe2 Bf6 15.f4 Nc6
16.N2b3 Kf8 17.Bxc6 bxc6 18.Nxa5 Nxc5 19.f5 Ne4 20.fxe6 Rg6 21.exf7 Be5 22.g3 Bxg3
23.Rf1 Be5 24.Naxc6 g3 25.Nxe5 gxh2+ 26.Kxh2 Qxe5+ 27.Bf4 Rh6+ 28.Kg1 Qg7+
29.Qg2 Rg6  0-1

[Event "U16 Olympiad"]
[Site "Mersin TUR"]
[Date "2008.08.18"]
[Round "2"]
[White "Adhiban,B"]
[Black "Shimanov,A"]
[Result "1-0"]
[WhiteElo "2422"]
[BlackElo "2480"]

1.e4 e6 2.d4 d5 3.Nd2 Be7 4.Bd3 c5 5.dxc5 Nf6 6.Qe2 O-O 7.Ngf3 Nfd7 8.Nb3 a5
9.e5 a4 10.h4 h6 11.Nbd4 Nxc5 12.Bf4 a3 13.b3 Nxd3+ 14.Qxd3 Na6 15.Ng5 Bxg5
16.hxg5 Nc5 17.Qh3 Kh7 18.g6+ Kg8 19.Bxh6 fxg6 20.Bxg7 Qa5+ 21.Kd1  1-0

[Event "23rd Open"]
[Site "Schwarzach AUT"]
[Date "2008.08.18"]
[Round "3"]
[White "Jens,J"]
[Black "Quaranta,C"]
[Result "1-0"]
[WhiteElo "2397"]
[BlackElo "2116"]

1.e4 e6 2.d4 d5 3.Nd2 Be7 4.Bd3 c5 5.dxc5 Nf6 6.Qe2 O-O 7.Ngf3 a5 8.O-O Nc6
9.e5 Nd7 10.c3 Nxc5 11.Bc2 f6 12.exf6 Bxf6 13.Nb3 b6 14.Re1 Ba6 15.Qd1 Nxb3
16.axb3 Re8 17.Ra4 Nb8 18.Ne5 Qc7 19.Bf4 Bb5 20.Rd4 g5 21.Ng4 Qg7 22.Nxf6+ Qxf6
23.Bxg5 Qg7 24.Qh5 Ra7 25.Bh6 Qf6 26.Rf4 Qe7 27.Rg4+  1-0

[Event "Jessie Gilbert Celebration Int"]
[Site "Coulsdon ENG"]
[Date "2008.08.19"]
[Round "4"]
[White "Berelowitsch,A"]
[Black "Rendle,T"]
[Result "1-0"]
[WhiteElo "2557"]
[BlackElo "2363"]

1.e4 e6 2.d4 d5 3.Nd2 Nc6 4.Ngf3 Nf6 5.e5 Nd7 6.Nb3 Be7 7.h4 f6 8.Bb5 a5
9.Bf4 a4 10.Nc1 O-O 11.exf6 Bxf6 12.Bxc6 bxc6 13.Nd3 c5 14.c3 cxd4 15.cxd4 c5
16.Bd6 Be7 17.dxc5 Bxd6 18.cxd6 Ba6 19.O-O Qb6 20.Re1 Qxd6 21.Nde5 Nxe5 22.Nxe5 Rf4
23.g3 Rb4 24.b3 Rf8 25.Rc1 Bb7 26.Nd3 Rd4 27.Qc2 axb3 28.axb3 Ba8 29.Qc5 Qxc5
30.Nxc5 Rd2 31.Nxe6 Rb8 32.Nc7 Bb7 33.Re8+ Rxe8 34.Nxe8 d4 35.Nd6 Ba6 36.Ra1 d3
37.Rxa6 g5 38.Nc4  1-0

[Event "Jessie Gilbert Celebration Int"]
[Site "Coulsdon ENG"]
[Date "2008.08.21"]
[Round "6"]
[White "Berelowitsch,A"]
[Black "Madan,A"]
[Result "1-0"]
[WhiteElo "2557"]
[BlackElo "2415"]

1.e4 e6 2.d4 d5 3.Nd2 a6 4.Ngf3 c5 5.c3 Nc6 6.Bd3 Nf6 7.e5 Nd7 8.O-O g5 9.dxc5 Ndxe5
10.Nxe5 Nxe5 11.Nb3 Nxd3 12.Qxd3 Bg7 13.f4 O-O 14.fxg5 e5 15.Qg3 Kh8 16.Bd2 a5
17.Rae1 Ra6 18.Rxe5 Bxe5 19.Qxe5+ Kg8 20.Nd4 Rg6 21.h4 f6 22.gxf6 h6 23.Bxh6 Rfxf6
24.Rxf6 Qxf6 25.Qe8+ Kh7 26.Bg5 Qh8 27.Qe3 Qg7 28.Qf3 Qd7 29.Qh5+ Kg7 30.Qe2 Kg8
31.Qe5 Rg7 32.Bf6 Rh7 33.Nf3 Qe6 34.Qg5+ Kf8 35.Ne5 Qf5 36.Qxf5 Bxf5 37.g4 Bb1
38.Kf2 Rh6 39.Bg5 Re6 40.Bf4 Bxa2 41.h5 Bb1 42.g5 Kg7 43.Ke3 a4 44.g6 Kf6
45.Kd4 Re8 46.Nd7+ Ke6 47.Ne5 Kf6 48.Kxd5 Rd8+ 49.Kc4 a3 50.bxa3 Rh8 51.h6 Bxg6
52.Nxg6 Kxg6 53.Kb5 Rf8 54.Bd6 Rf3 55.Be5 Re3 56.Bg7 Re6 57.a4 Rc6 58.a5 Kh7
59.c4 Kg8 60.Be5 Kh7 61.Bb8 Kxh6 62.Ba7 Kg6 63.Bb6 Re6 64.c6 bxc6+ 65.Kc5 Kf7
66.a6 Re8 67.a7 Ra8 68.Kxc6  1-0

[Event "X Sants Open"]
[Site "Barcelona ESP"]
[Date "2008.08.23"]
[Round "2"]
[White "Fier,A"]
[Black "Amato,A"]
[Result "1-0"]
[WhiteElo "2558"]
[BlackElo "2264"]

1.e4 e6 2.d4 d5 3.Nd2 Be7 4.Ngf3 Nf6 5.e5 Nfd7 6.Bd3 c5 7.c3 Nc6 8.O-O g5
9.dxc5 Ndxe5 10.Nxe5 Nxe5 11.Nb3 Nxd3 12.Qxd3 e5 13.Re1 e4 14.Qe2 Bf5 15.Be3 Qd7
16.Rad1 O-O-O 17.Na5 Qc7 18.b4 Bf6 19.Bd4 Bxd4 20.Rxd4 Rhe8 21.c6 bxc6 22.Qa6+ Kd7
23.b5 Ke6 24.Nxc6 Rd6 25.c4 Qb6 26.Qa4 Kf6 27.Qd1 Kg7 28.Rxd5 e3 29.c5  1-0

[Event "Jessie Gilbert Celebration Int"]
[Site "Coulsdon ENG"]
[Date "2008.08.23"]
[Round "8"]
[White "Rendle,T"]
[Black "Lock,G"]
[Result "1-0"]
[WhiteElo "2363"]
[BlackElo "2232"]

1.e4 e6 2.d4 d5 3.Nd2 Nc6 4.Ngf3 Nf6 5.e5 Nd7 6.c3 f6 7.Bb5 a6 8.Bxc6 bxc6
9.O-O fxe5 10.dxe5 Be7 11.Nd4 Nxe5 12.Re1 Nf7 13.Nxc6 Qd6 14.Nxe7 Qxe7 15.Nf3 O-O
16.Qxd5 exd5 17.Rxe7 Bg4 18.Be3 Bxf3 19.gxf3 Nd6 20.Rxc7 Nc4 21.Bd4 Rf7 22.Rxf7 Kxf7
23.b3 Nd6 24.Rd1 Nf5 25.Bc5 Ke6 26.Re1+ Kf6 27.f4 Rc8 28.b4 g6 29.a4 Rc7
30.f3 Kf7 31.Kf2 Ng7 32.Bd4 Nf5 33.Be5 Rc4 34.Rb1 d4 35.Bxd4 Nxd4 36.cxd4 Rxd4
37.b5 axb5 38.axb5 Rd7 39.b6 Rb7 40.Ke3 Kf6 41.Kd4 Kf5 42.Kc5 Kxf4 43.Rb3  1-0

[Event "5th DA Tan Malaysian Open"]
[Site "Kuala Lumpur MAS"]
[Date "2008.08.23"]
[Round "9"]
[White "Lim Yee Weng"]
[Black "Li Shilong"]
[Result "1-0"]
[WhiteElo "2367"]
[BlackElo "2511"]

1.e4 e6 2.d4 d5 3.Nd2 a6 4.Ngf3 c5 5.c3 Nc6 6.Bd3 Nf6 7.O-O Be7 8.Re1 cxd4
9.cxd4 dxe4 10.Nxe4 O-O 11.Be3 Nd5 12.a3 Nxe3 13.fxe3 b6 14.Rc1 Bb7 15.Rc3 Rc8
16.Qc2 Na7 17.Rc1 Rxc3 18.Nxc3 g6 19.Qe2 b5 20.Ne4 Bxe4 21.Bxe4 Nc8 22.Qc2 Nd6
23.Bd3 Bg5 24.Kf2 Qf6 25.Qc5 Rc8 26.Qxg5  1-0

[Event "U16 Olympiad"]
[Site "Mersin TUR"]
[Date "2008.08.23"]
[Round "8"]
[White "Prasanna,Ra"]
[Black "Sipahioglu,I"]
[Result "0-1"]
[WhiteElo "2233"]
[BlackElo "2006"]

1.e4 e6 2.d4 d5 3.Nd2 Nc6 4.Ngf3 Nf6 5.e5 Nd7 6.Bd3 Nb4 7.Be2 c5 8.c3 Nc6
9.Bd3 a5 10.O-O cxd4 11.cxd4 Qb6 12.Re1 Nxd4 13.Nxd4 Qxd4 14.Nf3 Qa7 15.Ng5 Be7
16.Qh5 g6 17.Qf3 O-O 18.Nxh7 Kxh7 19.Qh5+ Kg8 20.Bxg6 Qxf2+ 21.Kxf2 fxg6+
22.Qf3 Bc5+ 23.Be3 Rxf3+ 24.gxf3 Nxe5 25.Bxc5 Nd3+ 26.Ke3 Nxc5 27.Kd4 b6
28.Rg1 Kf7 29.Rg3 Ba6 30.Rag1 Bd3 31.Rh3 Kg7 32.a3 Bf5 33.Rh4 Nd3 34.Rg2 Rc8
35.Ke3 e5 36.Rd2 d4+ 37.Ke2 Nf4+  0-1

[Event "8th Open"]
[Site "Velika Gorica CRO"]
[Date "2008.08.24"]
[Round "3"]
[White "Cupic,L"]
[Black "Okrosa,M"]
[Result "0-1"]
[WhiteElo "1958"]
[BlackElo "2090"]

1.e4 e6 2.d4 d5 3.Nd2 Nc6 4.Ngf3 Nf6 5.e5 Nd7 6.c3 f6 7.exf6 Qxf6 8.Bd3 e5
9.dxe5 Ndxe5 10.Nxe5 Nxe5 11.Be2 Bd6 12.Nb3 c6 13.Be3 O-O 14.Qd4 Bf5 15.O-O Qg6
16.Qh4 Be4 17.Qg5 Qe8 18.Nc5 Rf5 19.Qh4 Ng6 20.Qg4 h5 21.Nxe4 Bxh2+  0-1

[Event "8th Open"]
[Site "Velika Gorica CRO"]
[Date "2008.08.26"]
[Round "5"]
[White "Blazeka,M"]
[Black "Okrosa,M"]
[Result "1-0"]
[WhiteElo "1970"]
[BlackElo "2090"]

1.e4 e6 2.d4 d5 3.Nd2 Nc6 4.Ngf3 Nf6 5.exd5 exd5 6.Bd3 Bg4 7.c3 Bd6 8.O-O O-O
9.Re1 Qd7 10.Nf1 Rae8 11.Ne3 Ne4 12.h3 Be6 13.c4 Bb4 14.Re2 f5 15.c5 f4 16.Nf1 Bxh3
17.gxh3 Qxh3 18.N1h2 Nxd4 19.Nxd4 Rf6 20.Bxe4 Rxe4 21.f3 Rxe2 22.Qxe2 Bxc5
23.Qe8+ Rf8 24.Qe5 Rf5 25.Qe6+ Kh8 26.Qc8+  1-0

[Event "1st Dragon Capital Vietnam Open"]
[Site "Vung Tau VIE"]
[Date "2008.08.29"]
[Round "5"]
[White "Pham Thi Ngoc Tu"]
[Black "Sadorra,J"]
[Result "0-1"]
[WhiteElo "2065"]
[BlackElo "2470"]

1.e4 e6 2.d4 d5 3.Nd2 Nc6 4.c3 e5 5.Bb5 exd4 6.cxd4 dxe4 7.Nxe4 Bb4+ 8.Nc3 Ne7
9.Ne2 O-O 10.O-O Nf5 11.d5 Ne5 12.Bf4 Ng6 13.Rc1 Nxf4 14.Nxf4 Bd6 15.Nd3 Qh4
16.f4 a6 17.Ba4 b5 18.Bb3 Re8 19.Qd2 Qf6 20.Kh1 Qd4 21.Ne2 Qe3 22.Rc2 a5
23.a4 Ba6 24.Rf3 Qxd2 25.Rxd2 Rxe2 26.Rxe2 Nd4 27.Ree3 Nxb3 28.axb5 Bxb5
29.Ne5 Nd2 30.Rh3 a4 31.Rh4 Bc5 32.Rc3 Ne4 33.Rc2 a3 34.bxa3 f6 35.Nc4 Nf2+
36.Kg1 Ng4+ 37.Kh1 Re8 38.g3 Re1+ 39.Kg2 f5 40.h3 Bxc4 41.Rxc4 Ne3+ 42.Kf2 Rf1+
43.Ke2 Nxc4 44.Kxf1 Be7 45.Ke2 Bxh4 46.gxh4  0-1

[Event "TCh-MNE Premier"]
[Site "Herceg Novi MNE"]
[Date "2008.08.30"]
[Round "6"]
[White "Popadic,Dr"]
[Black "Drasko,M"]
[Result "0-1"]
[WhiteElo "2296"]
[BlackElo "2508"]

1.e4 e6 2.d4 d5 3.Nd2 Be7 4.e5 c5 5.Qg4 Bf8 6.dxc5 Qc7 7.Ngf3 Nd7 8.Bb5 Qxc5
9.c4 dxc4 10.Bxd7+ Bxd7 11.Ne4 Qd5 12.O-O f5 13.exf6 Nxf6 14.Nxf6+ gxf6 15.Be3 e5
16.Qh4 Be7 17.Rfd1 Qf7 18.Rac1 Be6 19.Qe4 O-O 20.Qxb7 Rab8 21.Qxa7 Rxb2 22.a4 Bb4
23.Qa6 c3 24.Ra1 c2 25.Rdc1 Bc4 26.Qc6 Bd5 27.Qb5 Bc3 28.Qd3 Rc8 29.Nd2 Rbb8
30.Ne4 Bxe4 31.Qxe4 Bxa1 32.Rxa1 f5 33.Qd3 e4 34.Qf1 Qc4  0-1